000 01069nam a22002897a 4500
003 EG-ScBUE
005 20211219101307.0
008 200219s2021 be a f 000 0 eng d
020 _a9789401468084
040 _aEG-ScBUE
_beng
_erda
_cEG-ScBUE
_dEG-ScBUE
082 0 4 _a747.94
_bFEI
_222
100 1 _aFeijter, Iris de,
_eauthor.
245 1 4 _aThe complete book of coloruful interiors :
_btips, tricks and inspiration /
_cIris de Feijter, Irene Schampaert.
264 1 _aBelgium :
_bLannoo,
_c2021.
300 _a239 pages :
_bcolor illustrations ;
_c27 cm
336 _2rdacontent
_atext
_btxt
337 _2rdamedia
_aunmediated
_bn
338 _2rdacarrier
_avolume
_bnc
520 _aInspiring photographs and practical tips that will help you strategise colour in your home interiors.
650 7 _aColor in interior decoration.
_2BUEsh
650 7 _aInterior decoration.
_2BUEsh
_941532
650 7 _aInterior design.
_2BUEsh
_941532
653 _bART
_cDecember2021
655 _vReading book
_934232
700 1 _aSchampaert, Irene,
_eauthor.
942 _2ddc
_cBB
999 _c29727
_d29698